| 000 | 00565nam a2200181Ia 4500 | ||
|---|---|---|---|
| 003 | GCL | ||
| 008 | 140319s9999 xx 000 0 ara d | ||
| 040 |
_aGCL / _cGCL |
||
| 082 | 0 | 4 |
_aق _b962.1 _bخ ف |
| 100 | 1 | _aخالد محمد عزب | |
| 245 | 1 | 0 |
_aفوه مدينة المساجد:دراسة عن المدينة وعمائرها الدينية والمدنية / _cخالد محمد عزب |
| 300 | _a111 ص | ||
| 490 | _a | ||
| 650 | 0 | 4 | _aالعمارة الاسلامية |
| 650 | 0 | 4 | _aالمساجد - تاريخ |
| 650 | 0 | 4 | _aفوه |
| 942 |
_2ddc _cBK |
||
| 999 |
_c38465 _d38465 |
||